00329cam a2200145ua 45000010005000000080039000050400009000440410012000530820016000651000020000812450017001012600030001183000016001486530019001643181131130n1987 II |||gr||||Z||||||asm aMAIN aEnglish a891.491 BOR aBORA, MAHENDRA. aNATUN KABITA aDIBRUGARHbBANALATAc1987 a140:c20CM. aAsomiya Kabita